000 00761cam a22002054a 4500
005 20250605164250.0
008 250528s ||||||||||||||||||||||||d
035 _a21679
020 _a9789601217239
040 _aGR-AtMCL
_bgre
_dGR-AtMCL
_eAACR2
245 1 _aΦΥΣΙΚΟΘΕΡΑΠΕΙΑ ΣΕ ΚΑΚΩΣΕΙΣ ΤΟΥ ΜΥΟΣΚΕΛΕΤΙΚΟΥ ΣΥΣΤΗΜΑΤΟΣ
250 _a1
260 _bUniversity Studio Press,
_c2008
300 _a298
520 _aΛΕΙΤΟΥΡΓΙΚΗ ΑΠΟΚΑΤΑΣΤΑΣΗ ΚΑΤΑΓΜΑΤΑ ΘΕΡΑΠΕΙΑ ΚΑΚΩΣΕΙΣ ΚΡΥΟΘΕΡΑΠΕΙΑ ΘΕΡΜΟΘΕΡΑΠΕΙΑ ΥΠΕΡΗΧΟΙ
700 1 _aΚοτζαηλιας Διομηδης Α
_97619
942 _cBK
999 _c6739
_d6739